| 000 | 00880nam a2200229Ia 4500 | ||
|---|---|---|---|
| 999 |
_c5490 _d5490 |
||
| 003 | OSt | ||
| 005 | 20200609130127.0 | ||
| 008 | 191128s1978 ck gr 000 0 spa d | ||
| 040 |
_aCO-JMCR _cCO-JMCR |
||
| 041 | 0 | _aspa | |
| 082 | 0 | 4 |
_a330.1 / _223 _bU76p |
| 100 | 1 |
_aUribe Garros, Carlos, _eautor _95224 |
|
| 245 | 1 | 0 |
_aEl pensamiento económico en acción / _cCarlos Uribe Garros |
| 260 |
_aBogotá : _bUniversidad Externado de Colombia _c1978 |
||
| 300 |
_axvi, 404 páginas ; _c24 cm. |
||
| 500 | _aIncluye índice páginas 393-404 | ||
| 504 | _aBibliografía: páginas 369-392 | ||
| 505 | _aEl equilibrio económico -- El equilibiro político -- La política económica -- La guerra -- El retorno de la moneda -- La economía internacional -- La dinámica económica | ||
| 650 | 1 | 4 |
_aTeoría económica _95225 |
| 650 | 1 | 4 |
_aPensamiento económico _95226 |
| 942 |
_2ddc _cBK |
||